[Event "Politiken Cup"]
[Site "Helsingor DEN"]
[Date "2009.07.24"]
[Round "8"]
[White "Nielsen,Bo1"]
[Black "Lyngsjo,H"]
[Result "0-1"]
[WhiteElo "2073"]
[BlackElo "1943"]
[EventDate "2009.07.18"]

1. d4 Nf6 2. c4 g6 3. Nf3 Bg7 4. g3 d5 5. cxd5 Nxd5 6. Bg2 Nb6 7. O-O Nc6
8. e3 e5 9. d5 Ne7 10. e4 Bg4 11. h3 Bxf3 12. Qxf3 c6 13. Nc3 cxd5 14. exd5
Nf5 15. Be3 Nd6 16. Rac1 Nbc4 17. b3 Nxe3 18. fxe3 O-O 19. e4 Bh6 20. Rcd1
Qb6+ 21. Kh2 Rac8 22. Rd3 Qb4 23. Nb1 Rc2 24. a3 Qxe4 25. Qxe4 Nxe4 26. Re1
f5 27. Kg1 Nc5 28. Rdd1 e4 29. d6 Rd8 30. Bf1 Nxb3 31. Rd5 Nd2 32. Nxd2
Rxd2 33. Rd1 Be3+ 34. Kh1 Rxd1 35. Rxd1 Bc5 0-1

[Event "Politiken Cup"]
[Site "Helsingor DEN"]
[Date "2009.07.24"]
[Round "8"]
[White "Andersen,Dani"]
[Black "Hansen,Herl"]
[Result "0-1"]
[WhiteElo "1963"]
[BlackElo "2071"]
[EventDate "2009.07.18"]

1. c4 c5 2. Nf3 Nf6 3. Nc3 b6 4. g3 Bb7 5. Bg2 g6 6. d4 cxd4 7. Qxd4 Bg7 8.
Qh4 d6 9. Bh6 O-O 10. O-O Nbd7 11. Rfd1 Rc8 12. Bxg7 Kxg7 13. Rac1 h6 14.
Qd4 Re8 15. Ne1 Bxg2 16. Nxg2 Qc7 17. Ne3 Qc5 18. Qxc5 Rxc5 19. b3 Kf8 20.
Rc2 Ra8 21. Rcd2 a6 22. a4 Rcc8 23. f3 Nc5 24. Rb2 Ne8 25. Ned5 Rab8 26.
Kf2 e6 27. Ne3 f5 28. h4 Ke7 29. Ra1 Nd7 30. f4 Ndf6 31. Kf3 h5 32. Rc1 Kf7
33. Na2 Ne4 34. Nb4 Ra8 35. Nd3 N8f6 36. Rbc2 Ng4 37. Nf1 Nc5 38. Rd2 Ke7
39. Nxc5 bxc5 40. Rb2 Rcb8 41. Nd2 Rb4 42. Rbc2 Rab8 43. Rc3 Nf6 44. Ra1 e5
45. fxe5 dxe5 46. e4 Rd8 47. exf5 gxf5 48. Ke2 e4 49. Rf1 Ke6 50. Rf4 Ng4
51. Rf1 Rb7 52. Rf4 Rbd7 53. Rc2 Rd3 54. Nf1 Rxb3 55. Rc1 Rb2+ 56. Ke1 Rd3
0-1

[Event "Politiken Cup"]
[Site "Helsingor DEN"]
[Date "2009.07.24"]
[Round "8"]
[White "Schmied,A"]
[Black "Andersen,Dag"]
[Result "1/2-1/2"]
[WhiteElo "2068"]
[BlackElo "1926"]
[EventDate "2009.07.18"]

1. d4 Nf6 2. c4 c5 3. d5 e5 4. Nc3 d6 5. e4 Nbd7 6. Bd3 Be7 7. h3 a6 8. Be3
h5 9. Nf3 Nf8 10. Qd2 Ng6 11. g3 Bd7 12. a4 Qc8 13. Bf1 Rb8 14. Qc2 O-O 15.
Ng5 h4 16. g4 Qd8 17. Nf3 b6 18. Bd3 Rb7 19. Qd2 Ne8 20. Ra2 Nc7 21. O-O f6
22. Rb1 a5 23. Ne2 Na6 24. Raa1 Nb4 25. Kh2 Qe8 1/2-1/2

[Event "Politiken Cup"]
[Site "Helsingor DEN"]
[Date "2009.07.24"]
[Round "8"]
[White "Pedersen,JanK"]
[Black "Nisbet,A2"]
[Result "1/2-1/2"]
[WhiteElo "2065"]
[BlackElo "1982"]
[EventDate "2009.07.18"]

1. d4 Nf6 2. Nf3 d5 3. Bg5 Bf5 4. Nbd2 e6 5. Nh4 h6 6. Nxf5 hxg5 7. Ne3 Bd6
8. g3 c6 9. c3 Nbd7 10. Bg2 Qc7 11. Qc2 O-O-O 12. a3 Kb8 13. b4 Nh5 14.
Nef1 f5 15. c4 dxc4 16. Nxc4 Nb6 17. e3 f4 18. g4 Nf6 19. h3 fxe3 20. Nfxe3
Bf4 21. O-O-O Nfd5 22. Rhe1 Nxc4 23. Qxc4 Bxe3+ 24. fxe3 Qg3 25. Re2 Rdf8
26. Rdd2 Rf6 27. b5 cxb5 28. Qxb5 Rc8+ 29. Kb2 Rc6 30. Ka1 Qd6 31. Rd3 a6
32. Qb2 Qc7 33. Rd1 Rb6 34. Qc1 Qxc1+ 35. Rxc1 Rb3 36. Bxd5 exd5 37. Ka2
Rd3 38. Rc5 Re6 39. Rxd5 Rexe3 40. Rxe3 Rxe3 41. Rxg5 Rxh3 42. d5 Rd3 43.
a4 g6 44. Kb2 Kc7 45. a5 1/2-1/2

[Event "Politiken Cup"]
[Site "Helsingor DEN"]
[Date "2009.07.24"]
[Round "8"]
[White "Petersen,Nil"]
[Black "Madsen,D"]
[Result "1-0"]
[WhiteElo "2060"]
[BlackElo "1579"]
[EventDate "2009.07.18"]

1. c4 g6 2. Nc3 Bg7 3. d4 d6 4. e4 f5 5. f3 Nh6 6. Be3 O-O 7. Qd2 Nf7 8.
O-O-O c6 9. h4 e5 10. d5 f4 11. Bf2 a5 12. g3 Bh6 13. gxf4 Bxf4 14. Be3 Nh6
15. Bxf4 Rxf4 16. h5 g5 17. Nce2 Rf7 18. dxc6 Nxc6 19. Qxd6 Qf6 20. Qxf6
Rxf6 21. Bh3 g4 22. fxg4 Nxg4 23. Bxg4 Bxg4 24. Rh2 Kf7 25. Rg2 Rg8 26. Rd2
Rf1+ 27. Kc2 Bxe2 28. Rxg8 Nb4+ 29. Kb3 Bxc4+ 30. Kxc4 Kxg8 31. Rg2+ Kf8
32. a3 Rc1+ 33. Kb5 Nd3 34. Kxa5 Rc6 35. Kb5 Rh6 36. Rg5 Kf7 37. b4 Re6 38.
Ne2 Nf2 39. Rf5+ Rf6 40. Rxe5 Ng4 41. Rg5 Ne3 42. Rc5 Ke6 43. Nd4+ Kd6 44.
e5+ 1-0

[Event "Politiken Cup"]
[Site "Helsingor DEN"]
[Date "2009.07.24"]
[Round "8"]
[White "Harstad,C"]
[Black "Palvig,D"]
[Result "1-0"]
[WhiteElo "2052"]
[BlackElo "1868"]
[EventDate "2009.07.18"]

1. d4 d5 2. c4 e6 3. Nc3 Nf6 4. Bg5 c6 5. e3 Bd6 6. cxd5 exd5 7. Bd3 Nbd7
8. Qc2 O-O 9. Bxh7+ Kh8 10. Bd3 g6 11. h4 Kg7 12. Nf3 Rh8 13. O-O-O c5 14.
Nxd5 cxd4 15. exd4 b5 16. Kb1 Bb7 17. Nxf6 Nxf6 18. Qd2 Ne4 19. Qe3 Nxg5
20. hxg5 Rxh1 21. Rxh1 Bxf3 22. gxf3 b4 23. f4 Qe7 24. Qh3 1-0

[Event "Politiken Cup"]
[Site "Helsingor DEN"]
[Date "2009.07.24"]
[Round "8"]
[White "Lund,P"]
[Black "Moller,A"]
[Result "1-0"]
[WhiteElo "2047"]
[BlackElo "1860"]
[EventDate "2009.07.18"]

1. e4 c5 2. Nf3 d6 3. d4 cxd4 4. Nxd4 Nf6 5. Nc3 a6 6. Be2 e6 7. O-O Be7 8.
Be3 O-O 9. a4 Nc6 10. f4 Qc7 11. Bf3 Bd7 12. Kh1 Rac8 13. Nb3 b6 14. Qe2
Nb4 15. Qf2 Rb8 16. g4 Rfc8 17. g5 Ne8 18. Rac1 Bc6 19. Nd4 Ba8 20. f5 e5
21. Nde2 Bf8 22. Rg1 Rd8 23. f6 d5 24. exd5 Nxd5 25. Nxd5 Bxd5 26. Bxd5
Rxd5 27. Ng3 Nd6 28. fxg7 Bxg7 29. Nh5 Qb7 30. Rg2 Ne4 31. Nf6+ Bxf6 32.
gxf6+ Kh8 33. Qh4 Rbd8 34. h3 Rd2 35. Bxd2 Rxd2 36. Rcg1 Rxg2 37. Rxg2 1-0

[Event "Politiken Cup"]
[Site "Helsingor DEN"]
[Date "2009.07.24"]
[Round "8"]
[White "Tandrup,M"]
[Black "Brendel,B"]
[Result "0-1"]
[WhiteElo "1948"]
[BlackElo "2046"]
[EventDate "2009.07.18"]

1. d4 Nf6 2. Nf3 g6 3. c4 Bg7 4. Nc3 O-O 5. e4 d6 6. Be2 Bg4 7. h3 Bxf3 8.
Bxf3 Nfd7 9. Be3 c5 10. d5 Qa5 11. Qb3 b5 12. cxb5 c4 13. Qc2 a6 14. b6
Nxb6 15. O-O N8d7 16. Ne2 Qa4 17. Qd2 Rab8 18. Nd4 Nc5 19. Nc6 c3 20. bxc3
Nc4 21. Qd1 Nxe3 22. Qxa4 Nxa4 23. fxe3 Rbe8 24. Rab1 Bxc3 25. Rb7 e6 26.
Rfb1 Nc5 27. Ra7 Kg7 28. Kf2 exd5 29. exd5 Bd2 30. e4 Nxe4+ 31. Bxe4 Rxe4
32. Rxa6 Rfe8 33. Rd1 Be1+ 34. Kf1 Bg3 0-1

[Event "Politiken Cup"]
[Site "Helsingor DEN"]
[Date "2009.07.24"]
[Round "8"]
[White "Strand,Kj"]
[Black "Jacobsen,S"]
[Result "1-0"]
[WhiteElo "2043"]
[BlackElo "1906"]
[EventDate "2009.07.18"]

1. e4 c5 2. Nf3 Nc6 3. d4 cxd4 4. Nxd4 e6 5. Nb5 d6 6. Bf4 e5 7. Be3 a6 8.
N5c3 Nf6 9. Bc4 Be6 10. Bb3 b5 11. Bg5 Be7 12. Bxf6 Bxf6 13. O-O O-O 14.
Nd5 Nd4 15. Nbc3 Bg5 16. Qd3 Rb8 17. Nd1 f5 18. f4 fxe4 19. Qxe4 Nxb3 20.
axb3 Bf5 21. Qe2 exf4 22. Nxf4 Qb6+ 23. Qf2 Bxc2 24. Qxb6 Rxb6 25. Nd5
Rxf1+ 26. Kxf1 Rc6 27. Nb4 Rc5 28. Nxc2 Rxc2 29. Rxa6 Rd2 30. Nc3 d5 31.
Nxb5 d4 32. Nd6 h6 33. Nc4 Be3 34. Nxd2 Bxd2 35. Rd6 Be3 36. Ke2 Bc1 37.
Rxd4 Bxb2 38. Rd7 Kh7 39. b4 Be5 40. h3 Kg6 41. b5 Kf6 42. Kf3 Ke6 43. Rd3
Bc7 44. Ke4 Bb6 45. Rg3 g5 46. Rc3 1-0

[Event "Politiken Cup"]
[Site "Helsingor DEN"]
[Date "2009.07.24"]
[Round "8"]
[White "Botheim,T"]
[Black "Bjorneboe,K"]
[Result "1/2-1/2"]
[WhiteElo "1939"]
[BlackElo "2041"]
[EventDate "2009.07.18"]

1. e4 c6 2. d4 d5 3. exd5 cxd5 4. c4 Nf6 5. Nc3 e6 6. Nf3 Be7 7. Bg5 dxc4
8. Bxc4 Nc6 9. O-O Nd5 10. Bxd5 Bxg5 11. Bxc6+ bxc6 12. Nxg5 Qxg5 13. Qf3
Rb8 14. Rab1 Bb7 15. Qg3 Qxg3 16. hxg3 Ba6 17. Rfd1 Bc4 18. b3 Bd5 19. f3
h6 20. Kf2 O-O 21. Nxd5 cxd5 22. Rbc1 a5 23. Rc7 a4 24. Rd3 Rb4 25. Rc2
axb3 26. axb3 Rfb8 27. Rb2 Kf8 28. Ke3 Ke7 29. Rc3 Kd6 30. Kd3 Kd7 1/2-1/2

[Event "Politiken Cup"]
[Site "Helsingor DEN"]
[Date "2009.07.24"]
[Round "8"]
[White "Nielsen,Las"]
[Black "Meier,L"]
[Result "1/2-1/2"]
[WhiteElo "2032"]
[BlackElo "1888"]
[EventDate "2009.07.18"]

1. e4 e6 2. d4 d5 3. Nd2 c5 4. exd5 exd5 5. Ngf3 Nf6 6. Bb5+ Bd7 7. Bxd7+
Nbxd7 8. O-O Be7 9. Re1 O-O 10. Nf1 Re8 11. Ng3 Qc7 12. c3 c4 13. Nf5 Bf8
14. g3 Rxe1+ 15. Nxe1 Ne4 16. Ng2 Qc6 17. f3 Nd6 18. Qc2 Re8 19. Kf1 Nb6
20. Nge3 Qd7 21. Nxd6 Bxd6 22. Qf5 Qxf5 23. Nxf5 Bb8 24. Bd2 Kf8 25. Re1
Rxe1+ 26. Kxe1 g6 27. Ne3 f5 28. Nc2 Bd6 29. Bh6+ Kf7 30. b3 Ke6 31. Ne3 a5
32. Kd2 Kd7 33. Kc2 Ke6 34. Bg5 Bc7 35. Ng2 cxb3+ 36. axb3 a4 37. Nf4+ Bxf4
38. Bxf4 axb3+ 39. Kxb3 Kd7 40. Kc2 Nc4 41. Bc1 Kc6 42. Kd3 Kb5 43. Bg5 Ka4
44. Kc2 b5 45. Bc1 b4 46. cxb4 Kxb4 47. Kd3 Kb3 48. h4 Nd6 49. Bf4 Nc4 50.
Be5 Kb2 51. Bf4 Kb3 52. Be5 Ka4 53. Bf6 Kb5 54. Bg7 Kc6 55. Bf6 Kd7 56. Bg7
Ke6 57. Bh6 Nd6 58. Ke3 Nc4+ 59. Kf4 Kf7 1/2-1/2

[Event "Politiken Cup"]
[Site "Helsingor DEN"]
[Date "2009.07.24"]
[Round "8"]
[White "Jensen,Mo"]
[Black "Capion,J"]
[Result "1-0"]
[WhiteElo "2026"]
[BlackElo "1690"]
[EventDate "2009.07.18"]

1. e4 c5 2. Na3 g6 3. Nf3 Bg7 4. c3 Nc6 5. Bb5 d6 6. O-O Bd7 7. d4 cxd4 8.
cxd4 a6 9. Bxc6 bxc6 10. b3 d5 11. Ne5 Nf6 12. exd5 cxd5 13. Nc2 O-O 14.
Ba3 Re8 15. Ne3 e6 16. N3g4 Bb5 17. Re1 h5 18. Nxf6+ Bxf6 19. f4 Rc8 20.
Bc5 Kg7 21. a4 Bxe5 22. fxe5 Bc6 23. Rf1 Rb8 24. Rf6 Rb7 25. Rc1 Qa8 26.
Rc3 Rc8 27. Rg3 Rh8 28. Qc2 Be8 29. b4 Rh7 30. h4 Rh8 31. Rg5 Rh6 32. Rg3
Rh8 33. Ra3 Qd8 34. Qc1 Qd7 35. Qg5 Rc7 36. Rf1 Rb7 37. Qf6+ Kh7 38. Rff3
Rc7 39. Rg3 Rb7 40. Rg5 Rg8 41. Kh2 Qc7 42. g4 hxg4 43. Rxg4 Rg7 44. Rg5
Kg8 45. h5 a5 46. h6 Rh7 47. Rxg6+ 1-0

[Event "Politiken Cup"]
[Site "Helsingor DEN"]
[Date "2009.07.24"]
[Round "8"]
[White "Rolvaag,B"]
[Black "Bryn,T"]
[Result "1/2-1/2"]
[WhiteElo "1906"]
[BlackElo "2024"]
[EventDate "2009.07.18"]

1. e4 e5 2. Bc4 Nf6 3. d3 Nc6 4. Nf3 Be7 5. Bb3 O-O 6. c3 d6 7. Nbd2 Na5 8.
Bc2 c5 9. Nf1 Nc6 10. Ng3 d5 11. Qe2 Re8 12. O-O h6 13. Ba4 Bf8 14. Re1 Rb8
15. Qf1 b5 16. Bc2 d4 17. Bd2 dxc3 18. bxc3 Bg4 19. Be3 Qa5 20. Ne2 b4 21.
Bb3 bxc3 22. Rec1 Nd4 23. Nxc3 Nxf3+ 24. gxf3 Bxf3 25. Qh3 Bg4 26. Qg3 Rb6
27. Na4 Rc6 28. Nb2 Qc7 29. Ba4 Nh5 30. Qxg4 Rg6 31. Qxg6 fxg6 32. Bxe8 Qc8
33. Ba4 1/2-1/2

[Event "Politiken Cup"]
[Site "Helsingor DEN"]
[Date "2009.07.24"]
[Round "8"]
[White "Jorgensen,C"]
[Black "Brauner,J"]
[Result "1-0"]
[WhiteElo "2013"]
[BlackElo "1919"]
[EventDate "2009.07.18"]

1. d4 Nf6 2. c4 e6 3. Nf3 b6 4. g3 Bb7 5. Bg2 Bb4+ 6. Nbd2 Ne4 7. O-O Nxd2
8. Bxd2 Be7 9. Re1 f5 10. Rc1 d6 11. Bc3 Bf6 12. d5 Bxc3 13. Rxc3 e5 14. e4
fxe4 15. Rxe4 O-O 16. Rh4 Bc8 17. Nd2 Bf5 18. Ne4 Nd7 19. Qd2 Qe7 20. Ng5
Rae8 21. g4 Bg6 22. Rch3 Nf6 23. Ne6 Rf7 24. g5 Nd7 25. Qe2 Nf8 26. Be4
Bxe4 27. Qxe4 g6 28. Nxf8 Rexf8 29. Qxg6+ Kh8 30. Qh6 Rxf2 31. Qxh7+ Qxh7
32. Rxh7+ Kg8 33. Rh8+ Kg7 34. Rxf8 Rxf8 35. Kg2 Rf4 36. b3 Rd4 37. Kf3
Rf4+ 38. Kg3 Kg6 39. Rh8 Kxg5 40. h4+ Kg6 41. Rg8+ Kh7 42. Re8 Rf7 43. Kg4
Kh6 44. Re6+ Kg7 45. Kg5 Kh7 46. Re8 Rg7+ 47. Kf6 Kh6 48. b4 Rg6+ 49. Kf5
Rg2 50. Rh8+ Kg7 51. Rc8 Rxa2 52. Rxc7+ Kg8 53. Ke6 e4 54. Kxd6 e3 55. Re7
e2 56. Kc6 a5 57. bxa5 bxa5 58. d6 a4 59. d7 Rd2 60. Rxe2 1-0

[Event "Politiken Cup"]
[Site "Helsingor DEN"]
[Date "2009.07.24"]
[Round "8"]
[White "Hansen,Herb"]
[Black "Nielsen,Mor"]
[Result "0-1"]
[WhiteElo "1832"]
[BlackElo "2006"]
[EventDate "2009.07.18"]

1. e4 Nf6 2. Nc3 Nc6 3. d4 d5 4. exd5 Nxd5 5. Nxd5 Qxd5 6. Nf3 Bg4 7. Be2
O-O-O 8. Be3 e5 9. dxe5 Bxf3 10. Bxf3 Qa5+ 11. Bd2 Qxe5+ 12. Qe2 Qxb2 13.
O-O Qxc2 14. Bxc6 Qxc6 15. Be3 Qe4 16. Rfc1 Bd6 17. Rab1 Rde8 18. Qb2 b6
19. g3 h5 20. Bxb6 axb6 21. Qxb6 Qd5 22. Qa6+ Kd7 23. Rb7 Ra8 0-1

[Event "Politiken Cup"]
[Site "Helsingor DEN"]
[Date "2009.07.24"]
[Round "8"]
[White "Schmidt,Ho DEN"]
[Black "Pedersen,TR"]
[Result "0-1"]
[WhiteElo "1875"]
[BlackElo "1987"]
[EventDate "2009.07.18"]

1. d4 Nf6 2. Nf3 e6 3. Bg5 h6 4. Bxf6 Qxf6 5. e4 d6 6. Bd3 Nd7 7. O-O e5 8.
Nc3 c6 9. d5 Be7 10. b4 O-O 11. dxc6 bxc6 12. b5 Bb7 13. bxc6 Bxc6 14. Qe2
Nc5 15. Bc4 Rac8 16. Bd5 Bd7 17. Rab1 Bg4 18. Nb5 a6 19. Na7 Rc7 20. Nc6
Ne6 21. Qe3 Bxf3 22. Qxf3 Qxf3 23. gxf3 Bg5 24. Rb6 a5 25. Rd1 Rfc8 26. c4
Nf4 27. Ra6 Rb7 28. Rxa5 Rb2 29. Ra7 Rf8 30. a4 Nh3+ 31. Kg2 Nxf2 32. Ra1
Nd3+ 33. Kh1 Nf2+ 34. Kg1 Nh3+ 35. Kf1 Rxh2 36. Ra3 Bd2 0-1

[Event "Politiken Cup"]
[Site "Helsingor DEN"]
[Date "2009.07.24"]
[Round "8"]
[White "Sorensen,JohnK"]
[Black "Skovgaard,T"]
[Result "0-1"]
[WhiteElo "1857"]
[BlackElo "1983"]
[EventDate "2009.07.18"]

1. d4 Nf6 2. Nf3 e6 3. c4 Bb4+ 4. Nc3 O-O 5. Qc2 c5 6. a3 Bxc3+ 7. bxc3 Nc6
8. Bg5 d6 9. e3 e5 10. Bd3 h6 11. d5 hxg5 12. dxc6 bxc6 13. Nxg5 d5 14.
cxd5 cxd5 15. Rd1 Qe7 16. f3 e4 17. fxe4 Ng4 18. h4 Nxe3 19. Qe2 Nxd1 20.
Qh5 Bf5 21. Kxd1 Bg6 22. Qg4 dxe4 23. Bc4 Rad8+ 24. Kc1 Qe5 25. Qh3 e3 26.
Kb2 Rd2+ 27. Kb3 Bc2+ 0-1

[Event "Politiken Cup"]
[Site "Helsingor DEN"]
[Date "2009.07.24"]
[Round "8"]
[White "Noer,M"]
[Black "Jensen,By"]
[Result "1/2-1/2"]
[WhiteElo "1981"]
[BlackElo "1817"]
[EventDate "2009.07.18"]

1. d4 f5 2. Bg5 g6 3. Nc3 Bg7 4. e4 fxe4 5. f3 exf3 6. Nxf3 Nf6 7. Bc4 c6
8. Qd2 d5 9. Bd3 O-O 10. O-O-O Bg4 11. Rdf1 Nbd7 12. h4 Qc7 13. Re1 Rae8
14. Ne2 e5 15. dxe5 Nxe5 16. Nxe5 Qxe5 17. Bf4 Qe7 18. Ng3 Qd7 19. Bh6
Rxe1+ 1/2-1/2

[Event "Politiken Cup"]
[Site "Helsingor DEN"]
[Date "2009.07.24"]
[Round "8"]
[White "Sjol,H"]
[Black "Helin,M"]
[Result "1/2-1/2"]
[WhiteElo "1852"]
[BlackElo "1973"]
[EventDate "2009.07.18"]

1. d4 d5 2. Nf3 Nc6 3. c4 Bg4 4. e3 e6 5. Be2 Nf6 6. O-O h5 7. Nc3 a6 8.
cxd5 exd5 9. Re1 Bd6 10. Qc2 Bxf3 11. Bxf3 Bxh2+ 12. Kxh2 Ng4+ 13. Kg1 Qh4
14. Nxd5 O-O-O 15. e4 Qh2+ 16. Kf1 Qh1+ 17. Ke2 Nxd4+ 18. Kd3 Nxc2 19. Rxh1
Nxa1 20. Kc3 Ne5 21. Bf4 f6 22. Rxa1 c6 23. Nb6+ Kc7 24. Nc4 Rde8 25. Rh1
h4 26. Nxe5 fxe5 27. Bg5 h3 28. Rxh3 Rxh3 29. gxh3 Rf8 30. Bg4 Rxf2 31. Be3
Rf1 32. Kd3 b6 33. Kc3 c5 34. Kd3 Kc6 35. Kc3 b5 36. Bg5 a5 37. a3 c4 38.
b3 cxb3 39. Kxb3 Rg1 40. Bd2 Rg3+ 41. Kb2 Rg2 42. Kc1 Rg3 43. Kb2 Kc5 44.
Bc3 Rg2+ 45. Kc1 Rg1+ 46. Kb2 Rg2+ 47. Kc1 Rg1+ 1/2-1/2

[Event "Politiken Cup"]
[Site "Helsingor DEN"]
[Date "2009.07.24"]
[Round "8"]
[White "Larsen,Andr"]
[Black "Frisvold,O"]
[Result "1/2-1/2"]
[WhiteElo "1968"]
[BlackElo "1827"]
[EventDate "2009.07.18"]

1. d4 Nf6 2. g4 Nxg4 3. e4 d6 4. Be2 Nf6 5. Nc3 e5 6. Be3 exd4 7. Bxd4 Nc6
8. Nf3 Nxd4 9. Qxd4 g6 10. O-O-O Bg7 11. Qa4+ Bd7 12. Qb3 O-O 13. h4 h5 14.
Ng5 Bh6 15. Kb1 Bxg5 16. hxg5 Ng4 17. Rdg1 Be6 18. Qa3 Nxf2 19. Rh2 Ng4 20.
Bxg4 Qxg5 21. Nd5 Bxd5 22. exd5 Rfe8 23. Qb4 hxg4 24. Rgh1 Qe5 25. a3 Qe4
26. Qd2 g3 27. Rh8+ Kg7 28. R8h7+ Kf8 29. Rh8+ Kg7 30. R8h7+ Kf8 31. Rh8+
1/2-1/2

[Event "Politiken Cup"]
[Site "Helsingor DEN"]
[Date "2009.07.24"]
[Round "8"]
[White "Justinussen,S"]
[Black "Caceres,C"]
[Result "1-0"]
[WhiteElo "1942"]
[BlackElo "1766"]
[EventDate "2009.07.18"]

1. d4 Nf6 2. Nf3 d5 3. Bf4 e6 4. e3 b6 5. Nbd2 Nbd7 6. Bb5 Bd6 7. Ne5 Bb7
8. Bg5 Bxe5 9. dxe5 c6 10. exf6 gxf6 11. Bxc6 Bxc6 12. Bh4 Ne5 13. Nf3 Ng6
14. Bg3 e5 15. Qd2 Qe7 16. Nh4 Nxh4 17. Bxh4 Qe6 18. f3 Rd8 19. O-O-O Rd7
20. Kb1 O-O 21. e4 d4 22. g4 Rc8 23. Qh6 Rd6 24. Rhg1 Kh8 25. Rg3 f5 26.
Qxe6 Rxe6 27. gxf5 Rd6 28. Rdg1 d3 29. cxd3 Bb5 30. Rd1 f6 31. a3 1-0

[Event "Politiken Cup"]
[Site "Helsingor DEN"]
[Date "2009.07.24"]
[Round "8"]
[White "Wihlborn,B"]
[Black "Hagen,T"]
[Result "1-0"]
[WhiteElo "1939"]
[BlackElo "1716"]
[EventDate "2009.07.18"]

1. Nf3 b6 2. g3 Bb7 3. Bg2 Nf6 4. c4 Nc6 5. Nc3 e6 6. d4 d5 7. O-O Be7 8.
Bg5 O-O 9. e3 dxc4 10. Qe2 Nd5 11. Bxe7 Nxc3 12. bxc3 Nxe7 13. Qxc4 a5 14.
Rfe1 Ba6 15. Qa4 Rb8 16. e4 c6 17. Rad1 Qc7 18. Qc2 Rbd8 19. h3 Rfe8 20.
Qb2 Rb8 21. Ne5 f6 22. Nd3 Bc4 23. Bf1 Bxd3 24. Bxd3 b5 25. Kh2 b4 26. c4
Rbd8 27. c5 Qd7 28. Bc4 Kf8 29. Qb3 Ng6 30. h4 h5 31. Qf3 Qf7 32. Qxh5 Ne7
33. Qg4 Ng8 34. Qf3 Nh6 35. Kg2 Qg6 36. d5 exd5 37. exd5 Rxe1 38. Rxe1 cxd5
39. Bxd5 Nf5 40. Qe4 Nxh4+ 41. Qxh4 Rxd5 42. Qc4 Qd3 43. Qh4 Re5 44. Rxe5
fxe5 45. Qh8+ Kf7 46. Qa8 e4 47. Qb7+ Kg8 48. Qb8+ Kh7 49. Qf4 Qd5 50. Qd6
Qxa2 51. c6 e3 52. Qd3+ Kh8 53. c7 1-0

[Event "Politiken Cup"]
[Site "Helsingor DEN"]
[Date "2009.07.24"]
[Round "8"]
[White "Christensen,SvendI"]
[Black "Nielsen,Aa"]
[Result "1-0"]
[WhiteElo "1775"]
[BlackElo "1932"]
[EventDate "2009.07.18"]

1. d4 f5 2. Nf3 Nf6 3. Bf4 d6 4. Nbd2 Nh5 5. e3 g6 6. h3 Bg7 7. c3 e6 8.
Bh2 Nf6 9. Bc4 Nc6 10. Ng5 Qe7 11. Bb5 Bd7 12. Ngf3 a6 13. Qa4 O-O 14. Be2
b5 15. Qc2 e5 16. dxe5 Nxe5 17. Nxe5 dxe5 18. O-O c5 19. Rfd1 Bc6 20. Bf3
e4 21. Be2 Rf7 22. Nf1 Ne8 23. a4 Rd8 24. axb5 axb5 25. Nd2 Be5 26. Bxe5
Qxe5 27. Nf1 Nd6 28. Ra6 Bb7 29. Ra7 Rfd7 30. Rda1 g5 31. Nh2 c4 32. b3 Bd5
33. bxc4 Bxc4 34. Bxc4+ Nxc4 35. Nf1 Kf7 36. Rxd7+ Rxd7 37. Qb3 Qd5 38. Rb1
Rb7 39. g3 Ke6 40. Ra1 Nxe3 41. Ra6+ Ke5 42. c4 Nxc4 43. Qc3+ Qd4 44. Re6+
Kd5 45. Ne3+ Nxe3 46. Qc6+ 1-0

[Event "Politiken Cup"]
[Site "Helsingor DEN"]
[Date "2009.07.24"]
[Round "8"]
[White "Mouritsen,J"]
[Black "Nielsen,Pet"]
[Result "1-0"]
[WhiteElo "1758"]
[BlackElo "1926"]
[EventDate "2009.07.18"]

1. d4 Nf6 2. c4 e6 3. g3 Bb4+ 4. Bd2 Bxd2+ 5. Nxd2 d5 6. Ngf3 O-O 7. Bg2
Nc6 8. e3 b6 9. O-O Bb7 10. a3 a5 11. Qc2 Qd7 12. Rac1 Rfc8 13. Rfd1 Ne8
14. cxd5 exd5 15. Ng5 f5 16. h4 h6 17. Nh3 Nf6 18. Nf4 Ne7 19. Nf3 c5 20.
dxc5 Rxc5 21. Qb3 Rxc1 22. Rxc1 b5 23. Nd4 b4 24. axb4 a4 25. Qd3 Rc8 26.
Rxc8+ Qxc8 27. Qc2 Qa8 28. Nxf5 Nxf5 29. Qxf5 Ne4 30. Qe6+ Kh7 31. Bh3 Qf8
32. Bf5+ g6 33. Nxg6 Bc8 34. Nxf8+ 1-0

[Event "Politiken Cup"]
[Site "Helsingor DEN"]
[Date "2009.07.24"]
[Round "8"]
[White "Jonsson,Ol"]
[Black "Hein,Ja"]
[Result "1-0"]
[WhiteElo "1899"]
[BlackElo "1593"]
[EventDate "2009.07.18"]

1. e4 g6 2. d4 Bg7 3. Nc3 b6 4. Be3 Bb7 5. Qd2 d6 6. f3 Nd7 7. Bd3 c6 8.
Nge2 Qc7 9. O-O-O O-O-O 10. Kb1 Kb8 11. Bc4 e6 12. d5 Ne5 13. Bb3 Ne7 14.
dxe6 fxe6 15. Nd4 Bc8 16. Bxe6 d5 17. exd5 Nc4 18. Qf2 Nxe3 19. Qxe3 Bxd4
20. Rxd4 Rhe8 21. Qd2 Nxd5 22. Bxd5 Qe5 23. Re4 Qd6 24. Rxe8 Rxe8 25. Rd1
cxd5 26. Nxd5 Ba6 27. b3 Kb7 28. c4 Qxh2 29. Nf4 Rc8 30. Qd5+ Rc6 31. Ne6
1-0

[Event "Politiken Cup"]
[Site "Helsingor DEN"]
[Date "2009.07.24"]
[Round "8"]
[White "Fyhn,K"]
[Black "Rasmussen,O"]
[Result "0-1"]
[WhiteElo "1884"]
[BlackElo "1751"]
[EventDate "2009.07.18"]

1. e4 e5 2. f4 exf4 3. Nf3 d6 4. Bc4 Nc6 5. d4 Qe7 6. Qe2 Bg4 7. c3 g5 8.
Nbd2 Bg7 9. Bb5 Bd7 10. d5 Ne5 11. Nd4 O-O-O 12. N2f3 Nxf3+ 13. Nxf3 Bxb5
14. Qxb5 Qxe4+ 15. Kf2 Qg6 16. Re1 Nf6 17. Qa4 Kb8 18. Bd2 Nxd5 19. Qb3 Nf6
20. Re2 Ne4+ 21. Kf1 Nxd2+ 22. Nxd2 Rhe8 23. Rae1 Rxe2 24. Rxe2 f5 0-1

[Event "Politiken Cup"]
[Site "Helsingor DEN"]
[Date "2009.07.24"]
[Round "8"]
[White "Hansen,An"]
[Black "Hoel,J"]
[Result "0-1"]
[WhiteElo "2005"]
[BlackElo "1879"]
[EventDate "2009.07.18"]

1. Nf3 g6 2. d4 Nf6 3. c4 Bg7 4. Nc3 O-O 5. e4 d6 6. Be2 e5 7. d5 a5 8. Qc2
Na6 9. a3 Nc5 10. Be3 Nfd7 11. Rb1 a4 12. O-O f5 13. exf5 gxf5 14. Bg5 Nf6
15. Nh4 Qd7 16. h3 Kh8 17. Bxf6 Bxf6 18. Nf3 Rg8 19. Ne1 Qg7 20. Nd1 f4 21.
Kh2 e4 22. Rg1 Be5 23. f3 Qg3+ 24. Kh1 Bxh3 0-1

[Event "Politiken Cup"]
[Site "Helsingor DEN"]
[Date "2009.07.24"]
[Round "8"]
[White "Rasmussen,M1"]
[Black "Jacobsen,P2"]
[Result "1-0"]
[WhiteElo "1870"]
[BlackElo "1711"]
[EventDate "2009.07.18"]

1. d4 Nf6 2. Nf3 g6 3. c4 Bg7 4. Nc3 d5 5. Bg5 Ne4 6. Bh4 Nxc3 7. bxc3 c5
8. e3 cxd4 9. cxd4 Nc6 10. Be2 Be6 11. cxd5 Bxd5 12. O-O O-O 13. Qd2 Qd7
14. Rfd1 Rad8 15. Rab1 b6 16. Qc2 Rc8 17. Qa4 Qg4 18. Bg3 Rfd8 19. Kf1 Qd7
20. Nd2 Qb7 21. Ba6 Qa8 22. Bxc8 Rxc8 23. e4 Be6 24. d5 Bd7 25. dxc6 Bxc6
26. Qb4 e6 27. f3 Bb7 28. Rbc1 Rd8 29. Nc4 Rf8 30. Ne5 f5 31. Rd7 Ba6+ 32.
Kg1 f4 33. Qe7 1-0

[Event "Politiken Cup"]
[Site "Helsingor DEN"]
[Date "2009.07.24"]
[Round "8"]
[White "Maechel,M"]
[Black "Scherwin,C"]
[Result "0-1"]
[WhiteElo "1731"]
[BlackElo "1868"]
[EventDate "2009.07.18"]

1. e4 c5 2. Nf3 Nc6 3. d4 cxd4 4. Nxd4 e6 5. Be2 Nf6 6. Nc3 Bb4 7. Bg5 Qa5
8. Bxf6 gxf6 9. O-O Bxc3 10. bxc3 Qxc3 11. Nb5 Qe5 12. f4 Qc5+ 13. Kh1 O-O
14. Qd3 a6 15. Qg3+ Kh8 16. Qh4 axb5 17. Qxf6+ Kg8 18. e5 Qe7 19. Qh6 f5
20. Rf3 Kh8 21. Rh3 Rg8 22. Bh5 Qg7 23. Qf6 Qxf6 24. exf6 Rf8 25. Bg6 Rxf6
26. Bxh7 Kg7 27. g4 Rh6 28. Rxh6 Kxh6 29. Bg8 Kg7 30. Rg1 Kxg8 31. gxf5+
Kf7 32. h4 Nd4 33. fxe6+ dxe6 34. h5 Nf5 35. Rd1 Ke7 36. Kh2 Bd7 37. Kh3
Rg8 38. Rd3 Bc6 39. a3 Kf6 40. c3 Rg1 41. Rd2 Rh1+ 42. Rh2 Rxh2+ 43. Kxh2
Bf3 44. h6 Nxh6 45. Kg3 Bc6 46. Kf2 Kf5 47. Ke3 Ng4+ 48. Kd4 Kxf4 0-1

[Event "Politiken Cup"]
[Site "Helsingor DEN"]
[Date "2009.07.24"]
[Round "8"]
[White "Eiholt,B"]
[Black "Knoth,M"]
[Result "1-0"]
[WhiteElo "1678"]
[BlackElo "1856"]
[EventDate "2009.07.18"]

1. d4 Nf6 2. c4 e6 3. Nc3 d5 4. cxd5 exd5 5. Bg5 c6 6. e3 Be7 7. Bd3 Ne4 8.
Bxe7 Qxe7 9. Qc2 f5 10. Nxd5 cxd5 11. Qxc8+ Kf7 12. Qxf5+ Nf6 13. a3 Nc6
14. Nf3 g6 15. Qh3 a5 16. O-O Rae8 17. Bb5 Reg8 18. Bxc6 bxc6 19. Ne5+ Kg7
20. Nxc6 Qd6 21. Nxa5 h5 22. Rac1 h4 23. Rc6 Qf8 24. Rc7+ Kh6 25. Qxh4+ Nh5
26. g4 Qf3 27. g5+ 1-0